[Event "URS-chT Moscow"]
[Site "Moscow"]
[Date "1972.??.??"]
[Round "?"]
[White "Beliavsky, Alexander G"]
[Black "Neimanis"]
[Result "1-0"]
[WhiteElo "2420"]
[BlackElo "2200"]

1.e4 c5 2.Nf3 Nc6 3.d4 cxd4 4.Nxd4 e5 5.Nb5 a6 6.Nd6+ Bxd6 7.Qxd6 Qf6 8.Qc7 Nge7
9.Nc3 Nb4 10.Bd3 Nxd3+ 11.cxd3 O-O 12.O-O b5 13.Be3 d6 14.f4 Bg4 15.h3 Rfc8
16.Qb6 Rcb8 17.Qa5 Nc6 18.Qc7 Rc8 19.Qb6 Bxh3 20.gxh3 Rab8 21.Qxa6 Nb4 22.Qa7 Qh4
23.Rf3 Nxd3 24.Bf2  1-0

[Event "URS-chT Moscow"]
[Site "Moscow"]
[Date "1972.??.??"]
[Round "?"]
[White "Beliavsky, Alexander G"]
[Black "Pukshansky, Mikhail B"]
[Result "1/2-1/2"]
[WhiteElo "2420"]
[BlackElo "2200"]

1.e4 e5 2.Nf3 Nc6 3.Bb5 a6 4.Ba4 Nf6 5.O-O Nxe4 6.d4 b5 7.Bb3 d5 8.dxe5 Be6
9.Nc3 Nxc3 10.bxc3 Na5 11.Bg5 Qd7 12.a4 c5 13.axb5 axb5 14.Ra2 h6 15.Be3 Be7
16.Qe2 Qc6 17.Rfa1 Bd8 18.Rb2 O-O 19.Rab1 Be7 20.Ba2 Rfb8 21.h3 c4 22.Nd4 Qd7
23.f4 Nc6 24.g4 g6 25.Rf1 Nxd4 26.Bxd4 Kh7 27.Qf3 Ba3 28.Rbb1 Qe7 29.f5 gxf5
30.gxf5 Bc8 31.Kh1 Bb7 32.Rxb5 Ba6 33.Ra5 Bb7 34.Rxa8 Rxa8 35.Rg1 Rg8 36.Rxg8 Kxg8
37.f6 Qe6 38.Kg1 Bc8 39.Kg2 Bf8 40.Kh2 Kh7 41.Qg3 Qf5 42.Bc5 Qxc2+ 43.Kh1 Qe4+
44.Kh2 Qc2+ 45.Kh1 Qc1+ 46.Kg2 Qb2+ 47.Kf1 Qa1+ 48.Ke2 Qxa2+ 49.Ke1 Qb1+
50.Kd2 Qb2+ 51.Kd1 Qa1+ 52.Kd2 Qa2+ 53.Ke1 Qb1+ 54.Kd2 Qb2+ 55.Kd1 Bg4+ 56.Qxg4 Qb1+
57.Kd2 Qd3+ 58.Ke1 Qb1+ 59.Kd2 Qd3+ 60.Ke1 Qxc3+ 61.Kf1 Qxe5 62.Bxf8 Qxf6+
63.Ke2 d4 64.Qe4+ Kg8 65.Be7 d3+ 66.Ke3 Qf1 67.Qg4+ Kh7 68.Bb4 Qc1+ 69.Bd2 Qf1
70.Qe4+ Kg8 71.Qg4+ Kh7 72.Kd4 f5 73.Qh5 Qa1+ 74.Kxc4 Qa4+ 75.Bb4 Qc6+ 76.Kxd3 Qe4+
77.Kc3 Qe1+ 78.Kb3 Qb1+ 79.Ka4 Qc2+ 80.Kb5 Qd3+ 81.Ka5 Qd5+ 82.Ka4 Qc6+ 83.Kb3 Qd5+
84.Kb2 Qg2+ 85.Kc1 Qc6+ 86.Kd2 Qd5+ 87.Kc2 Qe4+ 88.Kc3 Qe1+ 89.Kb3  1/2-1/2

[Event "URS-chT Moscow"]
[Site "Moscow"]
[Date "1972.??.??"]
[Round "?"]
[White "Beliavsky, Alexander G"]
[Black "Tashkhodzhaev, A."]
[Result "1-0"]
[WhiteElo "2420"]
[BlackElo "2200"]

1.e4 e6 2.d4 d5 3.e5 c5 4.c3 Nc6 5.Nf3 Qb6 6.Be2 Nh6 7.Bxh6 gxh6 8.Qd2 Bg7
9.O-O O-O 10.Re1 f6 11.Bd1 fxe5 12.dxe5 Qc7 13.Qe3 b6 14.Nbd2 Qf7 15.Bc2 Ba6
16.c4 Nb4 17.Bb1 dxc4 18.Nxc4 Bxc4 19.Qe4 Bd3 20.Bxd3 Nxd3 21.Qxd3 Rad8 22.Qc4 Rd5
23.Re4 Qd7 24.a4 Rd1+ 25.Rxd1 Qxd1+ 26.Ne1 Qd5 27.Qe2 a6 28.f3 b5 29.axb5 axb5
30.Qxb5 Bxe5 31.b4 Bd4+ 32.Kh1 Rd8 33.bxc5 Bxc5 34.h3 Bf2 35.Qb2 Bd4 36.Qe2 Rd6
37.Nd3 Bg7 38.Nf4 Qd1+ 39.Qxd1 Rxd1+ 40.Kh2 e5 41.Nh5 Bf8 42.Kg3 Rd4 43.Kg4 Kf7
44.Kf5 Bd6 45.Rg4 Rxg4 46.hxg4 Bc7 47.Nf6 Bd8 48.Nd5 Bh4 49.Kxe5 Bg3+ 50.Kf5 Be1
51.Nf6 Bc3 52.g5 Bb2 53.Nxh7 Kg7 54.Nf6 hxg5 55.Ne4 g4 56.Kxg4 Kg6 57.f4  1-0

[Event "URS-chT Moscow"]
[Site "Moscow"]
[Date "1972.??.??"]
[Round "?"]
[White "Beliavsky, Alexander G"]
[Black "Vepkhvishvili, Varlam"]
[Result "1-0"]
[WhiteElo "2420"]
[BlackElo "2200"]

1.e4 e5 2.Nf3 Nc6 3.Bb5 a6 4.Ba4 Nf6 5.O-O Be7 6.Re1 b5 7.Bb3 d6 8.c3 O-O
9.h3 Na5 10.Bc2 c5 11.d4 Qc7 12.Nbd2 cxd4 13.cxd4 Nc6 14.b3 Nb4 15.Bb1 Qc3
16.Ba3 Qxa1 17.Bxb4 a5 18.dxe5 axb4 19.exd6 Bxd6 20.e5 Bxe5 21.Rxe5 Rxa2
22.Re1 Qb2 23.Bxa2 Qxa2 24.Ne4 Nxe4 25.Rxe4 Bb7 26.Rxb4 Qa5 27.Rf4 Rd8 28.Qe2 Qc7
29.Rf5 f6 30.Rxb5 Qc1+ 31.Ne1 Qc6 32.Qe7 Qxb5 33.Qxd8+ Kf7 34.Qd3 Qd5 35.Kf1 h6
36.b4 Ke6 37.Qg6 Qc4+ 38.Kg1 Qe4 39.Qe8+ Kd6 40.Qd8+ Ke6 41.Qb6+ Qc6 42.Qe3+ Qe4
43.Nc2 Qxe3 44.Nxe3 Ke5 45.b5 Be4 46.f3 Bd3 47.b6 Kd6 48.Nd5 Ba6 49.Nc7 Bc8
50.Ne8+ Kc6 51.Nxg7 Kxb6 52.Kf2 Kc5 53.Ke3 Ba6 54.Nf5 Bf1 55.Kf2 Bd3 56.Nxh6 f5
57.Ke3 Bf1 58.g4 fxg4 59.hxg4 Kd5 60.Kf4 Ke6 61.Kg5 Bd3 62.f4 Ke7 63.f5 Kf8
64.Kf6  1-0

[Event "Hastings 7475"]
[Site "Hastings"]
[Date "1974.??.??"]
[Round "1"]
[White "Vaganian, Rafael A"]
[Black "Beliavsky, Alexander G"]
[Result "1/2-1/2"]
[WhiteElo "2540"]
[BlackElo "2460"]

1.d4 Nf6 2.c4 e6 3.Nf3 b6 4.Nc3 Bb7 5.Bg5 Be7 6.Qc2 h6 7.Bh4 c5 8.e4 cxd4
9.Nxd4 d6 10.O-O-O Nbd7 11.Ndb5 Qb8 12.Qd2 O-O 13.Bg3 Nxe4 14.Nxe4 Bxe4 15.Nxd6 Bc6
16.Nxf7 e5 17.Nxh6+ gxh6 18.Qxh6 Rf6 19.Qg5+ Kf8 20.Be2 Qb7 21.Bg4 Nc5 22.Qh5 Qa6
23.Qh8+ Kf7  1/2-1/2

[Event "URS-ch42"]
[Site "Leningrad"]
[Date "1974.??.??"]
[Round "?"]
[White "Beliavsky, Alexander G"]
[Black "Taimanov, Mark E"]
[Result "1/2-1/2"]
[WhiteElo "2460"]
[BlackElo "2580"]

1.d4 Nf6 2.c4 e6 3.Nc3 Bb4 4.e3 Nc6 5.Ne2 d5 6.a3 Be7 7.Ng3 O-O 8.b4 dxc4
9.Bxc4 a5 10.b5 Na7 11.O-O c6 12.bxc6 Nxc6 13.Nb5 Na7 14.Nxa7 Rxa7 15.e4 b6
16.Be3 Rc7 17.Qb3 Bd7 18.Bf4 Ra7 19.Rfd1 a4 20.Qd3 Ra5 21.Rac1 b5 22.Ba2 Ra7
23.d5 exd5 24.exd5 Qa8 25.d6 Bd8 26.Bb1 g6 27.Be5 Re8 28.Bb2 b4 29.Qd4 bxa3
30.Ba1 Ra5 31.Ba2 Rb5 32.Qf4 Rf8 33.Rc3 Qb7  1/2-1/2

[Event "URS-chT"]
[Site "Riga"]
[Date "1975.??.??"]
[Round "?"]
[White "Nei, Iivo"]
[Black "Beliavsky, Alexander G"]
[Result "1-0"]
[WhiteElo "2495"]
[BlackElo "2500"]

1.Nf3 Nf6 2.d4 g6 3.c4 Bg7 4.Nc3 d5 5.cxd5 Nxd5 6.e3 O-O 7.Bc4 Nb6 8.Bb3 c5
9.O-O cxd4 10.exd4 Bg4 11.d5 a5 12.a3 Na6 13.h3 Bxf3 14.Qxf3 Rc8 15.Re1 Nc5
16.Ba2 h6 17.Bf4 Nca4 18.Nxa4 Nxa4 19.Be5 Bxe5 20.Rxe5 Qb6 21.Rb1 Rc2 22.Bb3 Rxb2
23.Rxb2 Nxb2 24.Rxe7 Qc5 25.d6 Qc1+ 26.Kh2 Nc4 27.Qf6 b5 28.d7  1-0

[Event "Vilnius zt"]
[Site "Vilnius"]
[Date "1975.??.??"]
[Round "1"]
[White "Beliavsky, Alexander G"]
[Black "Balashov, Yuri S"]
[Result "1/2-1/2"]
[WhiteElo "2500"]
[BlackElo "2540"]

1.d4 Nf6 2.c4 e6 3.Nc3 Bb4 4.e3 c5 5.Bd3 d5 6.Nf3 O-O 7.O-O dxc4 8.Bxc4 Nbd7
9.Qe2 a6 10.a3 Ba5 11.Bd3 Bc7 12.Rd1 Qe7 13.dxc5 Nxc5 14.Bc2 Ncd7 15.e4 Ne5
16.Bg5 b5 17.Nxe5 Bxe5 18.Rd3 h6 19.Be3 Bb7 20.f4 Bxc3 21.Rxc3 Rac8 22.Bd4 Rfd8
23.Rxc8 Rxc8 24.Bc3 a5 25.Bd3 b4 26.axb4 axb4 27.Bd4 Qd6 28.Bxf6 gxf6 29.Rf1 Rd8
30.Rf3 Qd4+ 31.Qf2 Bxe4 32.Bxe4 Qxe4 33.h3 Kh7 34.Kh2 Rd4 35.Qh4 Qf5 36.Qf2 Rd3
37.Qc2 Rd7 38.Qxf5+ exf5 39.Kg3 Kg7 40.Rf2 Rd3+  1/2-1/2

[Event "Vilnius zt"]
[Site "Vilnius"]
[Date "1975.??.??"]
[Round "3"]
[White "Beliavsky, Alexander G"]
[Black "Vaganian, Rafael A"]
[Result "1/2-1/2"]
[WhiteElo "2500"]
[BlackElo "2530"]

1.e4 e6 2.d4 d5 3.Nd2 c5 4.Ngf3 Nc6 5.exd5 exd5 6.Bb5 Bd6 7.dxc5 Bxc5 8.Nb3 Bd6
9.Qd4 Qe7+ 10.Be3 Nf6 11.O-O Bg4 12.Nbd2 O-O 13.Bxc6 bxc6 14.Bg5 Be6 15.c4 h6
16.Bxf6 Qxf6 17.Qxf6 gxf6 18.Rac1 Rfb8 19.b3 a5 20.Nd4 Bf4 21.Rc2 Bxd2  1/2-1/2

[Event "Vilnius zt"]
[Site "Vilnius"]
[Date "1975.??.??"]
[Round "4"]
[White "Beliavsky, Alexander G"]
[Black "Taimanov, Mark E"]
[Result "1/2-1/2"]
[WhiteElo "2500"]
[BlackElo "2580"]

1.d4 Nf6 2.c4 e6 3.Nc3 Bb4 4.e3 O-O 5.Bd3 d5 6.Nf3 c5 7.O-O dxc4 8.Bxc4 Qe7
9.a3 Ba5 10.Qc2 Bd7 11.Bd3 cxd4 12.exd4 Bc6 13.Ne5 Rd8 14.Be3 h6 15.Kh1 Be8
16.Rfd1 Nc6 17.Nf3 Rac8 18.Qe2 Bb6 19.Rac1 Na5 20.Bc2 Nc4 21.Bb3 Nd6 22.Na4 Bb5
23.Qe1 Nc4 24.Nxb6 axb6 25.Rc2 Na5 26.Rxc8 Rxc8 27.Ba2 Rc2 28.Rd2 Qc7 29.Bf4 Qc8
30.Bb1 Rc1 31.Rd1 Rxd1 32.Qxd1 Nd5 33.Bd2  1/2-1/2

[Event "Vilnius zt"]
[Site "Vilnius"]
[Date "1975.??.??"]
[Round "5"]
[White "Alburt, Lev O"]
[Black "Beliavsky, Alexander G"]
[Result "1/2-1/2"]
[WhiteElo "2420"]
[BlackElo "2500"]

1.Nf3 c5 2.c4 g6 3.d4 cxd4 4.Nxd4 Nc6 5.e4 Nf6 6.Nc3 Nxd4 7.Qxd4 d6 8.f3 Bg7
9.Be3 O-O 10.Qd2 Be6 11.Rc1 Qa5 12.b3 Rfc8 13.Be2 a6 14.Na4 Qxd2+ 15.Kxd2 Nd7
16.g4 f5 17.gxf5 gxf5 18.Rhg1 Rf8 19.Bd4 Rf7 20.f4 Kf8 21.Bxg7+ Rxg7 22.Rxg7 Kxg7
23.exf5 Bxf5 24.Bf3 Rb8 25.c5 dxc5 26.Nxc5 Nxc5 27.Rxc5 Kf6 28.Ke3 Rc8 29.Rxc8 Bxc8
30.Be4 h6 31.Kd4 b6 32.b4 Bf5 33.Bb7  1/2-1/2

[Event "Vilnius zt"]
[Site "Vilnius"]
[Date "1975.??.??"]
[Round "10"]
[White "Beliavsky, Alexander G"]
[Black "Dvorietzky, Mark I"]
[Result "1/2-1/2"]
[WhiteElo "2500"]
[BlackElo "2495"]

1.d4 c5 2.d5 e5 3.e4 d6 4.Nc3 Be7 5.f4 exf4 6.Bxf4 Nf6 7.Bb5+ Nbd7 8.Nf3 O-O
9.O-O a6 10.Bxd7 Bxd7 11.e5 dxe5 12.Nxe5 Bd6 13.Qf3 Qc7 14.Nxd7 Qxd7 15.Rad1 Rae8
16.h3 b5 17.b3 Be5 18.d6 Bd4+ 19.Kh1 Bxc3 20.Qxc3 Ne4 21.Qa5 f5 22.Qxa6  1/2-1/2

[Event "Vilnius zt"]
[Site "Vilnius"]
[Date "1975.??.??"]
[Round "14"]
[White "Beliavsky, Alexander G"]
[Black "Gufeld, Eduard"]
[Result "1/2-1/2"]
[WhiteElo "2500"]
[BlackElo "2535"]

1.e4 c5 2.Nf3 Nc6 3.d4 cxd4 4.Nxd4 g6 5.Nc3 Bg7 6.Be3 Nf6 7.Bc4 O-O 8.Bb3 d6
9.f3 Bd7 10.Qd2 Nxd4 11.Bxd4 b5 12.O-O a5 13.a4 b4 14.Nd5 Nxd5 15.exd5 Bxd4+
16.Qxd4 Rc8 17.Rad1 Re8 18.Qf4 Qb6+ 19.Kh1 e5 20.dxe6 Bxe6 21.Rxd6 Qc7  1/2-1/2

[Event "Capablanca mem-A 13th"]
[Site "Cienfuegos"]
[Date "1976.05.18"]
[Round "2"]
[White "Beliavsky, Alexander G"]
[Black "Peev, Peicho Chonev"]
[Result "0-1"]
[WhiteElo "2560"]
[BlackElo "2430"]

1.e4 c5 2.Nf3 e6 3.d4 cxd4 4.Nxd4 a6 5.Nc3 d6 6.f4 Qc7 7.Be3 Nf6 8.g4 h6
9.Bg2 Nc6 10.Qe2 Bd7 11.O-O-O O-O-O 12.h4 h5 13.gxh5 Kb8 14.e5 Nxh5 15.Qf2 d5
16.Nxc6+ Qxc6 17.Nxd5 exd5 18.Bxd5 Qb5 19.a4 Qb4 20.c3 Rc8 21.Rd4 Rxc3+ 22.Kb1 Bf5+
23.Ka1 Ra3+ 24.Ba2 Rxa2+ 25.Kxa2 Qa5 26.Rc1 Bb4 27.b3 Be6 28.Kb2 g6 29.Rd3 Rd8
30.Bd4 Ka8 31.Rcd1 Qd5 32.Bc5 Qxd3 33.Rxd3 Rxd3 34.Bxb4 Rxb3+ 35.Kc1 Rxb4
36.f5 Rc4+ 37.Kd2 Bxf5 38.Qb6 Be6 39.a5 Nf4 40.Qd6 Nd5  0-1

[Event "Capablanca mem-A 13th"]
[Site "Cienfuegos"]
[Date "1976.05.21"]
[Round "5"]
[White "Beliavsky, Alexander G"]
[Black "Lebredo, Gerardo"]
[Result "0-1"]
[WhiteElo "2560"]
[BlackElo "2355"]

1.e4 c5 2.Nf3 e6 3.d4 cxd4 4.Nxd4 a6 5.Be2 Qc7 6.O-O Nf6 7.Nc3 Nc6 8.Be3 b5
9.Nxc6 dxc6 10.f4 Bb7 11.Bf3 Be7 12.Qe2 O-O 13.a4 b4 14.Nb1 a5 15.Rd1 Rfd8
16.Nd2 c5 17.g4 Rac8 18.g5 Nd7 19.b3 Nf8 20.Bg2 Ng6 21.Qg4 Bd6 22.Rf1 Ba6
23.Rf2 e5 24.f5 Nf4 25.Bf1 Bxf1 26.Raxf1 Qb7 27.Qf3 Bb8 28.Nc4 Qe7 29.h4 f6
30.Qg4 Rd4 31.Bxd4 cxd4 32.gxf6 Qxf6 33.Kh2 Rd8 34.Rf3 Bc7 35.Rg3 h6 36.Nb2 Rd7
37.Nd3 Bd6 38.Kh1 Rc7 39.Nxf4 exf4 40.Rg2 Rc3 41.Rfg1 Be5 42.Rf1 Qc6 43.Rxf4 h5
44.Qg5 Rh3+ 45.Kg1 Qc3 46.Rf1 d3 47.f6 Qd4+  0-1

[Event "Capablanca mem-A 13th"]
[Site "Cienfuegos"]
[Date "1976.05.22"]
[Round "6"]
[White "Razuvaev, Yuri S"]
[Black "Beliavsky, Alexander G"]
[Result "1/2-1/2"]
[WhiteElo "2495"]
[BlackElo "2560"]

1.c4 Nf6 2.Nc3 e6 3.Nf3 Bb4 4.Qc2 c5 5.a3 Ba5 6.g3 Nc6 7.Bg2 O-O 8.O-O e5
9.e3 d6 10.b3 Bg4 11.h3 Bh5 12.Bb2 Rc8 13.Nh4 Bxc3 14.Qxc3 Ne8 15.f4 f6 16.Nf5 Bf7
17.Kh2 Qd7 18.g4 Be6 19.Bd5 Nc7 20.Qd3  1/2-1/2

[Event "Capablanca mem-A 13th"]
[Site "Cienfuegos"]
[Date "1976.05.25"]
[Round "9"]
[White "Beliavsky, Alexander G"]
[Black "Bellon Lopez, Juan Manuel"]
[Result "1-0"]
[WhiteElo "2560"]
[BlackElo "2475"]

1.c4 c5 2.Nf3 Nf6 3.g3 b6 4.Bg2 Bb7 5.O-O e6 6.Nc3 Be7 7.d4 cxd4 8.Qxd4 O-O
9.Rd1 Na6 10.Bf4 Qc8 11.Rac1 Rd8 12.Bd6 Bxd6 13.Qxd6 Qc5 14.Nb5 Ne4 15.Qxc5 Naxc5
16.b4 a6 17.Nd6 Nxd6 18.Rxd6 Na4 19.Ne5 Bxg2 20.Kxg2 Kf8 21.Rxd7 f6 22.Rxd8+ Rxd8
23.Nd3 e5 24.Kf3 Ke7 25.c5 b5 26.Ke3 Kd7 27.f4 exf4+ 28.gxf4 Kc6 29.Rc2 Rd5
30.Ke4 g6 31.Nf2 g5 32.Nd3 h6 33.h3 gxf4 34.Nxf4 f5+ 35.Ke3 Re5+ 36.Kf3 Re4
37.a3 a5 38.bxa5 b4 39.axb4 Rxb4 40.Nd3 Rb3 41.a6 Rb8 42.Rc4  1-0

[Event "Capablanca mem-A 13th"]
[Site "Cienfuegos"]
[Date "1976.06.02"]
[Round "17"]
[White "Beliavsky, Alexander G"]
[Black "Vogt, Lothar"]
[Result "0-1"]
[WhiteElo "2560"]
[BlackElo "2480"]

1.d4 Nf6 2.c4 g6 3.Nc3 Bg7 4.e4 d6 5.Nf3 O-O 6.Be2 e5 7.O-O Nc6 8.d5 Ne7
9.Ne1 Nd7 10.Nd3 f5 11.Bd2 c5 12.f4 a6 13.a4 exf4 14.Bxf4 Bxc3 15.bxc3 fxe4
16.Ne1 Nf6 17.g4 Kg7 18.Ng2 b6 19.Rb1 Ra7 20.Rb2 Rb7 21.Ne3 h6 22.h4 Neg8
23.Qb1 Rff7 24.Bd1 Qe7 25.Rxb6 Rxb6 26.Qxb6 Ne8 27.Qb1 Qxh4 28.Qxe4 Qe7 29.Qd3 Qf8
30.Bg3 Rxf1+ 31.Nxf1 a5 32.Ne3 Bd7 33.Bc2 Qf7 34.Bh4 Ngf6 35.g5 hxg5 36.Bxg5 Nh5
37.Qe4 Nef6 38.Qg2 Nh7 39.Bd8 Nf4 40.Qf3 Qf8 41.Bh4 Ng5 42.Qf1 Bh3 43.Qf2 Bg2
44.Kh2 Nf3+ 45.Kg3 Nh3 46.Nf5+ Qxf5 47.Bxf5 Nxf2 48.Bd8 Bh1 49.Bc2 Ne1 50.Bb3 Ne4+
51.Kf4 Nd2 52.Ba2 Ng2+ 53.Kg3 Ne3 54.Bxa5 Nexc4 55.Bc7 Bxd5 56.Kf4 Kf6  0-1

[Event "URS-FL"]
[Site "Baku"]
[Date "1977.??.??"]
[Round "1"]
[White "Beliavsky, Alexander G"]
[Black "Bagirov, Vladimir"]
[Result "0-1"]
[WhiteElo "2555"]
[BlackElo "2480"]

1.e4 c6 2.d4 d5 3.Nc3 dxe4 4.Nxe4 Bf5 5.Ng3 Bg6 6.h4 h6 7.h5 Bh7 8.Nf3 Nd7
9.Bd3 Bxd3 10.Qxd3 Ngf6 11.Bd2 Qc7 12.c4 e6 13.Qe2 Bd6 14.Nf5 O-O 15.Nxd6 Qxd6
16.Bc3 b5 17.cxb5 cxb5 18.Qxb5 Nd5 19.Ne5 Nxe5 20.dxe5 Nxc3 21.bxc3 Qc7 22.Rh3 Rfd8
23.Qe2 Rd5 24.Re3 Rxe5 25.Kf1 Rxe3 26.Qxe3 Rd8 27.Kg1 Rd5 28.Qf3 Rf5 29.Qa8+ Kh7
30.Qe4 Qxc3 31.Rd1 Qc5 32.Rd4 Qc1+ 33.Kh2 Qg5 34.Kg1 Qxh5 35.Rd7 a5 36.f3 Qg6
37.Kf2 Rg5  0-1

[Event "URS-FL"]
[Site "Baku"]
[Date "1977.??.??"]
[Round "7"]
[White "Beliavsky, Alexander G"]
[Black "Grigorian, Karen Ashotovich"]
[Result "1/2-1/2"]
[WhiteElo "2555"]
[BlackElo "2465"]

1.d4 Nf6 2.c4 g6 3.Nc3 d5 4.Nf3 Bg7 5.Bg5 Ne4 6.Bh4 Nxc3 7.bxc3 c5 8.cxd5 Qxd5
9.e3 Nc6 10.Be2 cxd4 11.cxd4 O-O 12.O-O b6 13.Rc1 Bb7 14.Bc4 Qd6 15.Bg3 Qb4
16.Bd5 Rac8 17.Ne5 Qb5 18.Bc4 Qa5 19.Nxc6 Rxc6 20.Qb3 e6 21.Bb5 Rxc1 22.Rxc1 Bd5
23.Qb2 a6 24.Bf1 b5 25.a3  1/2-1/2

[Event "URS-FL"]
[Site "Baku"]
[Date "1977.??.??"]
[Round "11"]
[White "Beliavsky, Alexander G"]
[Black "Pereszupkin, Alexander"]
[Result "0-1"]
[WhiteElo "2555"]
[BlackElo "2395"]

1.d4 d5 2.c4 c6 3.Nc3 Nf6 4.Nf3 dxc4 5.a4 Bf5 6.Ne5 e6 7.f3 Bb4 8.e4 Bxe4
9.Nxf7 Kxf7 10.fxe4 Nxe4 11.Qh5+ g6 12.Qf3+ Nf6 13.Bd2 Bxc3 14.bxc3 Qd5 15.Qg3 Nbd7
16.Be2 Ne4 17.O-O+ Kg8 18.Qe3 Nxd2 19.Qxd2 Kg7 20.Qf4 e5 21.Qg5 Rae8 22.Bg4 h6
23.Qh4 g5 24.Qg3 exd4 25.Qc7 Re7 26.Rae1 Rhe8 27.Rxe7+ Rxe7 28.Qd8 Qd6 29.h4 gxh4
30.cxd4 c3 31.Kh1 c2 32.Bxd7 Rxd7 33.Qe8 Qe7 34.Qh5  0-1

[Event "URS-FL"]
[Site "Baku"]
[Date "1977.??.??"]
[Round "12"]
[White "Taimanov, Mark E"]
[Black "Beliavsky, Alexander G"]
[Result "1/2-1/2"]
[WhiteElo "2530"]
[BlackElo "2555"]

1.d4 d5 2.c4 e6 3.Nc3 Be7 4.Nf3 Nf6 5.Bg5 O-O 6.e3 h6 7.Bh4 b6 8.Qb3 Bb7
9.Bxf6 Bxf6 10.cxd5 exd5 11.Be2 Re8 12.O-O c6 13.Rfd1 Nd7 14.Rac1 Nf8 15.Rd2 Qd6
16.a3 Ne6 17.Qd1 Be7 18.b4 a5 19.Rb2 axb4 20.axb4 Ra3 21.Ne5 Rea8 22.g3 Bf6
23.Nd3 Bc8 24.Rb3 Bd7 25.Rxa3 Rxa3 26.Qd2 Ra8 27.h4 Nc7 28.Bf3 Bf5  1/2-1/2

[Event "URS-FL"]
[Site "Baku"]
[Date "1977.??.??"]
[Round "13"]
[White "Beliavsky, Alexander G"]
[Black "Kochyev, Alexander"]
[Result "1/2-1/2"]
[WhiteElo "2555"]
[BlackElo "2490"]

1.d4 Nf6 2.c4 d6 3.Nc3 e5 4.Nf3 Nbd7 5.g3 c6 6.Bg2 g6 7.O-O Bg7 8.b3 O-O
9.Qc2 Re8 10.Rd1 Qe7 11.dxe5 dxe5 12.Ng5 Nf8 13.a4 e4 14.Ba3 Qe5 15.Ngxe4 Nxe4
16.Qxe4 Qxe4 17.Nxe4 Bf5 18.Nd6 Rxe2 19.Re1 Rc2 20.Nxf5 gxf5 21.Rad1 Ne6
22.Kf1 Bd4 23.Re2 Rxe2 24.Kxe2 Kg7 25.b4 Kf6 26.f4 Rc8 27.a5 b6 28.a6 Kg6
29.Kd3 c5 30.b5 Kf6 31.Bd5 h5 32.Ke2 h4 33.Kf3 hxg3 34.hxg3 Rh8 35.Kg2 Kg6
36.Bc1 Ng7 37.Bc6 Kf6 38.Re1 Ne6 39.Bd2 Rd8 40.Rb1 Ke7 41.Re1  1/2-1/2

[Event "URS-FL"]
[Site "Baku"]
[Date "1977.??.??"]
[Round "15"]
[White "Beliavsky, Alexander G"]
[Black "Timoshchenko, Gennadi A"]
[Result "1/2-1/2"]
[WhiteElo "2555"]
[BlackElo "2505"]

1.d4 d5 2.c4 c6 3.Nf3 Nf6 4.cxd5 cxd5 5.Nc3 Nc6 6.Bf4 Bf5 7.e3 e6 8.Bb5 Nd7
9.O-O Be7 10.Rc1 O-O 11.Bxc6 bxc6 12.Na4 Rc8 13.Ne5 Nxe5 14.Bxe5 Qa5 15.Qb3 Bd3
16.Qxd3 Qxa4 17.b3 Qb5 18.Rfd1 Ba3 19.Rc2 Rfd8 20.Qf1 Qa5 21.Qe2 f6 22.Bg3 c5
23.h4 Qb6 24.h5 cxd4 25.exd4 Rxc2 26.Qxc2 Qb7 27.Qe2 Qc6 28.Bf4 Rc8 29.Qg4 Qd7
30.Rd3 Rc2 31.Rg3 Bc1 32.Bxc1 Rxc1+ 33.Kh2 Rc2 34.Qf3 Qe7 35.h6 g6 36.Qf4 Qd8
37.Re3 Rxa2 38.Rc3 g5 39.Qc1 Qd6+ 40.Kg1 Qf4 41.Qxf4  1/2-1/2

[Event "Le Havre"]
[Site "Le Havre"]
[Date "1977.??.??"]
[Round "3"]
[White "Beliavsky, Alexander G"]
[Black "Sveshnikov, Evgeny"]
[Result "1/2-1/2"]
[WhiteElo "2555"]
[BlackElo "2520"]

1.e4 c5 2.Nf3 Nc6 3.d4 cxd4 4.Nxd4 e5 5.Nb5 Nf6 6.Bc4 d6 7.O-O Be6 8.Nd2 a6
9.Nc3 Be7 10.Bb3 O-O 11.Nf3 h6 12.Qe2 Rc8 13.Rd1 Qc7 14.Be3 Na5 15.Nd5 Nxd5
16.Bxd5 Qxc2 17.Rd2 Qc7 18.Rad1 b5 19.Bxe6 fxe6 20.Nxe5 dxe5 21.Rd7 Qc4 22.Qxc4 Nxc4
23.Rxe7 Nxe3 24.fxe3 Rc2 25.g3 Rf6 26.Rdd7 Rg6 27.Ra7 h5 28.Rxa6 h4 29.Raxe6 Rxe6
30.Rxe6 h3 31.Rxe5 Rg2+ 32.Kf1 Rxb2 33.a3 g6 34.g4 Rxh2 35.Rxb5 Ra2 36.Kg1 Rxa3  1/2-1/2

[Event "Le Havre"]
[Site "Le Havre"]
[Date "1977.??.??"]
[Round "4"]
[White "Gheorghiu, Florin"]
[Black "Beliavsky, Alexander G"]
[Result "1/2-1/2"]
[WhiteElo "2545"]
[BlackElo "2555"]

1.c4 e6 2.d4 d5 3.Nc3 Be7 4.Nf3 Nf6 5.Bg5 O-O 6.e3 h6 7.Bh4 b6 8.Be2 Bb7
9.Bxf6 Bxf6 10.cxd5 exd5 11.Qb3 Re8 12.O-O c6 13.Rad1 Nd7 14.Rfe1 g6 15.e4 Nf8
16.Bf1 Ne6 17.exd5 cxd5 18.g3 Kg7 19.Re3 Rc8 20.h4 Qd6 21.Nb5 Qb8 22.Qa3 Be7
23.Qxa7 Qxa7 24.Nxa7 Ra8 25.Bb5 Red8 26.Nc6 Bxc6 27.Bxc6 Rxa2 28.Rb3 Rd6
29.Bb5 h5 30.Rc1 Ra5 31.Kf1 Bf6 32.Rd1 Nc7 33.Bd3 Ra7 34.Bb5 Ra5 35.Bd3 Ra8
36.Rc1 Ne6 37.Rb4 Rb8 38.Bb5 Rdd8 39.Ke2  1/2-1/2

[Event "Le Havre"]
[Site "Le Havre"]
[Date "1977.??.??"]
[Round "11"]
[White "Beliavsky, Alexander G"]
[Black "Haik, Aldo"]
[Result "1-0"]
[WhiteElo "2555"]
[BlackElo "2400"]

1.e4 Nf6 2.e5 Nd5 3.d4 d6 4.Nf3 g6 5.Bc4 c6 6.O-O Bg7 7.exd6 Qxd6 8.Re1 Bg4
9.Bg5 h6 10.Bxd5 hxg5 11.Bxf7+ Kd8 12.Nbd2 Rxh2 13.Ne4 Qf4 14.Nexg5 Rh5 15.Re4 Qxg5
16.Nxg5 Bxd1 17.Ne6+ Kd7 18.Rxd1 Bf6 19.Bxg6 Ra5 20.b4 Rxa2 21.g4 Na6 22.g5 Bh8
23.Nc5+ Kd6 24.Re6+ Kd5 25.Bf7  1-0

[Event "Le Havre"]
[Site "Le Havre"]
[Date "1977.??.??"]
[Round "12"]
[White "Pytel, Krzysztof"]
[Black "Beliavsky, Alexander G"]
[Result "1/2-1/2"]
[WhiteElo "2435"]
[BlackElo "2555"]

1.d4 Nf6 2.c4 g6 3.Nc3 d5 4.Nf3 Bg7 5.Bg5 Ne4 6.Bh4 c5 7.cxd5 Nxc3 8.bxc3 Qxd5
9.e3 cxd4 10.cxd4 Nc6 11.Be2 e5 12.dxe5 Qa5+ 13.Qd2 Qxd2+ 14.Kxd2 Nxe5 15.Rab1 O-O
16.Nd4 Nc6 17.Nxc6 bxc6 18.Rhc1 Bf5 19.Bd3 Be6 20.Bc4 Rfe8 21.Rb7 a5 22.Bxe6 Rxe6
23.Rc4 h6 24.Rb6 Rc8 25.Bg3 Bf8 26.Kc2 g5 27.Rb8 Rxb8 28.Bxb8 f5 29.Ba7 Bb4
30.Bc5 Be1 31.f3 Kf7 32.Kd3 Re8 33.Ke2 Bb4 34.Bxb4 axb4 35.Rxb4 Ra8 36.a4 Ke6
37.Kd3 c5 38.Rc4 Kd5 39.Kc3 h5 40.h3 Kc6 41.h4 g4 42.Rf4 gxf3 43.gxf3 Re8
44.Rxf5 Rxe3+ 45.Kc4 Ra3 46.Rxc5+ Kb7 47.Kb4 Rxf3 48.Rxh5 Rf4+ 49.Kb5 Re4
50.a5 Rf4 51.Rh7+ Ka8 52.Kb6 Rf6+ 53.Kc5 Rf5+ 54.Kd6 Rf4 55.Ke6 Rc4 56.Kd6 Rf4
57.Ke6 Rc4 58.h5 Rc5 59.a6 Ra5 60.Kf7 Rc5 61.Ke8 Re5+ 62.Kf7 Rc5 63.Kg6 Rc6+
64.Kf5 Rc5+ 65.Ke4 Rg5 66.h6 Rg6 67.Rh8+ Ka7 68.Rh7+ Ka8 69.Kf5 Rc6 70.Ke5  1/2-1/2

[Event "Alicante"]
[Site "Alicante"]
[Date "1978.??.??"]
[Round "5"]
[White "Beliavsky, Alexander G"]
[Black "Vilela, Jose Luis"]
[Result "1-0"]
[WhiteElo "2545"]
[BlackElo "2435"]

1.d4 Nf6 2.Nf3 e6 3.g3 b6 4.Bg2 Bb7 5.c4 Be7 6.Nc3 O-O 7.Qc2 d5 8.cxd5 exd5
9.O-O Na6 10.Rd1 Re8 11.Ne5 c5 12.dxc5 Bxc5 13.Nd3 Nb4 14.Nxb4 Bxb4 15.Bg5 Rc8
16.Rd4 Bxc3 17.bxc3 h6 18.Bxf6 Qxf6 19.e3 Rc7 20.Qd2 Rc5 21.Rb1 Rec8 22.Rb3 g6
23.h4 h5 24.Ra4 a6 25.Rd4 Rc4 26.a4 Ba8 27.Bf1 Qc6 28.Qb2 Rb8 29.Ra3 Rc5
30.Bxa6 Qe6 31.Bf1 Ra5 32.Rb3 Qc6 33.Rb5 Rxb5 34.axb5 Qc5 35.Qb4 Rc8 36.Qxc5 Rxc5
37.Ra4 Bb7 38.Ra7 Bc8 39.Ra8 Rxc3 40.Bh3 f5 41.Bg2 Kf7 42.Bxd5+ Ke7 43.Bc6 Be6
44.Rb8 Rd3 45.Rxb6 Rd6 46.Rb8 Bc4 47.Re8+ Kf7 48.Rc8 Rd1+ 49.Kh2 Rb1 50.Rb8 Ke7
51.b6 Kd6 52.Bg2 Be6 53.Bf3  1-0

[Event "URS-FL"]
[Site "Ashkhabad"]
[Date "1978.??.??"]
[Round "1"]
[White "Beliavsky, Alexander G"]
[Black "Sveshnikov, Evgeny"]
[Result "1/2-1/2"]
[WhiteElo "2530"]
[BlackElo "2565"]

1.c4 e6 2.Nf3 d5 3.d4 Nf6 4.Bg5 c6 5.Nbd2 Be7 6.e3 O-O 7.Bd3 b6 8.O-O Bb7
9.cxd5 cxd5 10.Ne5 Nfd7 11.Qh5 g6 12.Nxg6 fxg6 13.Bxg6 hxg6 14.Qxg6+ Kh8
15.Qh6+ Kg8 16.Qg6+ Kh8  1/2-1/2

[Event "URS-FL"]
[Site "Ashkhabad"]
[Date "1978.??.??"]
[Round "5"]
[White "Vaganian, Rafael A"]
[Black "Beliavsky, Alexander G"]
[Result "1/2-1/2"]
[WhiteElo "2555"]
[BlackElo "2530"]

1.Nf3 d5 2.d4 Nf6 3.c4 c6 4.e3 e6 5.Bd3 Nbd7 6.O-O Ne4 7.Ne5 Nxe5 8.dxe5 Nc5
9.Nc3 Be7 10.Bc2 Qc7 11.cxd5 cxd5 12.f4 Bd7 13.b3 O-O-O 14.Ba3 Kb8 15.Qd4 Rc8
16.Rfc1 f6 17.Bd1 fxe5 18.fxe5 Qb6 19.Bf3 Rhd8 20.Ne2 Rc6 21.Rc3 Rdc8 22.Rac1 Qc7
23.Qf4 Nd3 24.Rxd3 Bxa3 25.Rxc6 Bxc6 26.Nd4 Qe7 27.h4 Bd7 28.Kh2 Bb4 29.e4 Rf8
30.Qg3 dxe4 31.Bxe4 g6 32.Bf3 Ba5 33.Qg4 Rc8 34.Qe4 Rc7 35.Rd1 a6 36.Be2 Bc8
37.a4 Rc5 38.Nf3 Bc7 39.Qb4 Ba5 40.Qa3 Qc7 41.b4 Rc3 42.Qb2 Bb6 43.Bd3 Be3
44.Qe2 Bh6 45.Qe4 Ra3  1/2-1/2

[Event "URS-FL"]
[Site "Ashkhabad"]
[Date "1978.??.??"]
[Round "10"]
[White "Beliavsky, Alexander G"]
[Black "Makarichev, Sergey"]
[Result "1/2-1/2"]
[WhiteElo "2530"]
[BlackElo "2495"]

1.d4 Nf6 2.c4 e6 3.g3 Bb4+ 4.Bd2 Be7 5.Bg2 d5 6.Nf3 O-O 7.O-O c6 8.Qc2 b6
9.Ne5 Ba6 10.b4 dxc4 11.Nxc6 Nxc6 12.Bxc6 Rc8 13.b5 Qxd4 14.Nc3 Rxc6 15.bxc6 b5
16.Bf4  1/2-1/2